Quizzes
Events
Quiz Creation
Community
Videos
Private Events
Remove Ads
Sign In
Join for FREE
Feedback
Dark Mode
Quiz Categories
Sports
Geography
Music
Movies
Television
Just For Fun
Miscellaneous
History
Literature
Language
Science
Gaming
Entertainment
Religion
Holiday
For Kids
Quiz Lab
Recent
Popular Today
Quiz Kudos Today
Editor Picks
Curator Picks
Quizzes by...
Day
Popularity
Type
Ratings
Length
Year
Community
Subscriptions
Recent Discussions
Orange Saloon
Badges
Playlists
Quests
Create
Leaderboards
Showdown
Live 5
Trivia Bingo
Activity
Puzzle Library
Sporcle Events
Private Events
Virtual Trivia
Globe League
Become a Host
Pub Owners
SporcleCon
Opinionation
Our Games
Videos
Blog
Mobile Apps
Partnerships
Remove Ads and Go Orange
Feedback
History
US Presidents
World Leaders
Politics
Nation
Discovery
War
Decade
Year
Century
Biography
Art
History
US Presidents
World Leaders
Politics
Nation
Discovery
War
Decade
Year
Century
Biography
Art
Random Quiz
Search Sporcle
×
Quiz Lab
Quiz Lab
History
Nation
Type in answers that appear in a list
Type in answers that appear in a list
Classic
Best Score? Go Orange.
Alliences and Empires Stats
Can you name the countries that made up these alliences/empires?
By
nachosnav
15m
93 Questions
667 Plays
667 Plays
667 Plays
Comments
Comments
Give Quiz Kudos
Give Quiz Kudos
-
- Ratings
hide this ad
Replay
Link that replays current quiz
Next Quiz
Link to next quiz in quiz playlist
You Got
0%
They Got
Avg Score
82%
Avg Friend Score
Upgrade to see
Score Distribution
Jump to the score distribution portion of the page
Score
0/93
Timer
15:00
0
Plays Today
% Correct
Germany
98.5%
Germany
98.5%
Germany
98.5%
Britain
98.4%
Italy
97.6%
Italy
97.6%
Austro-Hungary
96.9%
Britain
96.6%
France
96.1%
France
96.1%
Russia
96.1%
Japan
95.7%
United States
95.7%
Serbia
94.2%
Austria
93.1%
Spain
91.3%
Romania
89.4%
Romania
89.4%
Slovenia
89.2%
Slovenia
89.2%
Bulgaria
88.9%
Bulgaria
88.9%
Bulgaria
88.9%
Turkey
88.6%
Croatia
88.5%
Croatia
88.5%
Ukraine
88.5%
Portugal
87.6%
Hungary
87.3%
Hungary
87.3%
Montenegro
87%
% Correct
Canada
86.8%
Belgium
86.7%
Netherlands
86.7%
Belgium
86.7%
Netherlands
86.7%
Greece
86.5%
Greece
86.5%
Egypt
86.4%
Macedonia
85.9%
Macedonia
85.9%
Latvia
85.8%
Lithuania
85.8%
Kosovo
85.6%
Estonia
85.5%
Poland
84.7%
Bosnia and Herzegovina
84.6%
Bosnia and Herzegovina
84.6%
Belarus
84.4%
Kazakhstan
83.5%
Georgia
82.2%
Georgia
82.2%
Israel
81.1%
Australia
81%
China
81%
Armenia
80.8%
Armenia
80.8%
Luxembourg
80.7%
Iraq
80.5%
Norway
80.2%
Morocco
80.2%
Uzbekistan
80.1%
% Correct
Tunisia
79.2%
Azerbaijan
79%
Azerbaijan
79%
Tajikistan
78.9%
Syria
78.7%
Switzerland
78.6%
Denmark
78.3%
Algeria
78.3%
Libya
76.6%
Moldova
75.6%
Kyrgyzstan
75%
Lebanon
74.8%
Andorra
74.7%
Albania
74.2%
Saudi Arabia
73.5%
Jordan
72.7%
Brazil
72.3%
New Zealand
71.8%
Czech Republic
71.7%
Monaco
71.2%
Liechtenstein
70.9%
Turkmenistan
69%
Cyprus
68.5%
Ottoman Empire
68.1%
Malta
67.8%
Sudan
62.8%
San Marino
62.2%
Vatican City
59.7%
Soviet Union
56.7%
South Africa
54.9%
Yugoslavia
39.3%
Quiz Playlist
Details
Report
Send in Message
Add To Playlist
Classic:
Type in answers that appear in a list
Last Updated: Feb 16, 2017
Quiz Scoreboard
CHALLENGE
Sign Up to Join the Scoreboard
Show All
Scores
Hide
Comments
May contain spoilers
Recently Published
Billboard Blitz: Fleetwood Mac
by CooCooCachoo
Music
15s
Presidents Visiting Landmarks
by Hejman
History
7m
An Introduction to Baseball
by treessimontrees
Sports
5m
More to Explore
Quiz From the Vault
Featured Blog Post
Where Did the Easter Bunny Come From?
hide this ad
You Might Also Like...
Tags
Country Quiz
Nation Quiz
Alliance
empire
Today's Top Quizzes in History
Browse History
hide this ad
Today's Top Quizzes in Nation
Browse Nation
Top Contributed Quizzes in History
1
Popular People in 1991
2
Popular People in 1981
3
Popular People in 1951
4
Popular People in 1941
5
Popular People in 1986
6
Popular People in 1976
7
Popular People in 1921
8
I Am Born On March 28th
9
5-to-1: 20th Century Images of War
10
Popular People in 1946
Explore More
Trending Topics
NBA
Crossword
Kpop
Marvel
Harry Potter
Disney
Anime
The Office
NFL
Song
Puzzle
Pokémon
Country
Soccer
WWE
hide this ad
More By:
nachosnav
Quiz
Plays
Rating
Category
Featured
Created
Most Spoken Languages in the USA
76,079
3.56
Language
Oct 22, 2009
7 Wonders of The Ancient World Countries
48,522
4.55
History
Oct 22, 2009
Spanish Speaking Countries
4,347
3.92
Language
Oct 22, 2009
North Americas Most and Least
3,608
2.84
Geography
Jan 17, 2010
Europe's Most and Least
2,417
3.28
Geography
Dec 1, 2009
Go to Creator's Profile
Score Distribution
Quiz Creator Spotlight
nachosnav
Follow
Send a Message
Quizzes Created
-
Created Quiz Play Count
-
More By This Creator
Popular Quizzes Today
1
Find the US States - No Outlines Minefield
2
Find the Countries of Europe - No Outlines Minefield
3
The Countries of the World
4
Find the US States
5
US States
6
Popular People in 1961
7
Risky Map Clicking: Biggest States A-Z
8
Movies - When Are They Set?
More History Quizzes
United States Governors
Published
Trending Quizzes
Risky Map Clicking: Least Populous States A-Z
1-10 Letter G Words
1-10 Letter F Words
Risky Map Clicking: Next State Alphabetically
'A' Boys' Names Grid
Recently Updated
Leaping Animals
pecheneg
Reality TV Shows (A-Z)
bhenderson79
Rickey Henderson's Hall of Fame Teammates
pecheneg
Champions League XIs: Arsenal
pecheneg
Quick Pick: Celebrities in WWE's Hall of Fame
aduchscher
A-Z Keypad Blitz II
pecheneg
Multiple Oscar Actors
pecheneg
Mystery Phrase Blitz: Oscar 'Best Actors'
pecheneg
F. Scott Fitzgerald Novels
LTH
Pick 3 Villains
ddd62291
Trending Topics
Disney
Harry Potter
Kpop
Crossword
Marvel
NBA
Anime
Pokémon
Soccer
Country
NFL
Puzzle
The Office
Song
WWE
Your Account Isn't Verified!
In order to create a playlist on Sporcle, you need to verify the email address you used during registration. Go to your
Sporcle Settings
to finish the process.
Report this User
Report this user for behavior that violates our
Community Guidelines
.
Details:
Send Report
Go to the Sporcle.com Mobile Site →
Comments